| 000 | 00457nam a2200193Ia 4500 | ||
|---|---|---|---|
| 005 | 20250423094425.0 | ||
| 008 | 250422s9999 xx 000 0 und d | ||
| 020 | _a9780324646276 | ||
| 050 | _aHG 6024 .A3 .C48/ | ||
| 100 | _aChance, Don M. | ||
| 245 | 3 | _aAn introduction to derivatives risk management | |
| 250 | _a7th ed. | ||
| 260 | _aUsa | ||
| 260 | _bThomson | ||
| 260 | _c2008 | ||
| 300 | _a653 p | ||
| 650 | _aRisk management | ||
| 942 | _cBK | ||
| 999 |
_c27194 _d27194 |
||